Let's find out what's big and what's small / (Record no. 7671)

MARC details
000 -LEADER
fixed length control field 00922nam a22002777a 4500
001 - CONTROL NUMBER
control field 7671
003 - CONTROL NUMBER IDENTIFIER
control field FISKH
005 - DATE AND TIME OF LATEST TRANSACTION
control field 20250730151805.0
008 - FIXED-LENGTH DATA ELEMENTS--GENERAL INFORMATION
fixed length control field 250730b cb ||||| |||| 00| 0 eng d
040 ## - CATALOGING SOURCE
Original cataloging agency FISKH
Language of cataloging eng
Transcribing agency FISKH
Modifying agency FISKH
050 ## - LIBRARY OF CONGRESS CALL NUMBER
Classification number PE1119.S525
082 ## - DEWEY DECIMAL CLASSIFICATION NUMBER
Classification number 153.7
100 ## - MAIN ENTRY--PERSONAL NAME
Personal name Shapp, Martha
245 ## - TITLE STATEMENT
Title Let's find out what's big and what's small /
Statement of responsibility, etc. By Martha and Charles Shapp ; Pictures by Carol Nicklaus
260 ## - PUBLICATION, DISTRIBUTION, ETC.
Place of publication, distribution, etc. New York :
Name of publisher, distributor, etc. Franklin Watts,
Date of publication, distribution, etc. 1959.
300 ## - PHYSICAL DESCRIPTION
Extent 40 pages :
Other physical details color illustrations ;
Dimensions 23 cm
505 ## - FORMATTED CONTENTS NOTE
Formatted contents note E<br/><br/>
520 ## - SUMMARY, ETC.
Summary, etc. Explains the differences between big and small pointing out that it is sometimes difficult to tell.
521 8# - TARGET AUDIENCE NOTE
Target audience note 160<br/>
Source Lexile estimate<br/>
521 8# - TARGET AUDIENCE NOTE
Target audience note E<br/>
Source Raz-Plus<br/>
650 ## - SUBJECT ADDED ENTRY--TOPICAL TERM
Topical term or geographic name entry element big and Small Children's
Form subdivision Science
700 ## - ADDED ENTRY--PERSONAL NAME
Personal name Shapp, Charles
Relator term Author
700 ## - ADDED ENTRY--PERSONAL NAME
Personal name Nicklaus, Carol
Relator term Illustrator
942 ## - ADDED ENTRY ELEMENTS (KOHA)
Source of classification or shelving scheme Dewey Decimal Classification
Koha item type Books
Suppress in OPAC No
Holdings
Withdrawn status Lost status Source of classification or shelving scheme Damaged status Not for loan Collection Home library Current library Shelving location Date acquired Total Checkouts Full call number Barcode Date due Date last seen Date last checked out Copy number Price effective from Koha item type
    Dewey Decimal Classification     Juvenile Fiction Footprints International School Library Network Toul Kork Campus Footprints International School Library Network Toul Kork Campus TK Primary Library Room(4th Floor), Bookcase 7, Shelves 57-60, Dark Green Books 07/30/2025 1 SHA 153.7 PE1119.S525 FISBK00504 05/12/2026 04/28/2026 04/28/2026 1 07/30/2025 Books